000 01301nam a22002897a 4500
003 PE SENCICO BE
005 20251020182651.0
008 240201b |||||||| |||| 00| 0 eng d
040 _aPE SENCICO BE
_cPE SENCICO BE
041 _aspa
084 _aI
_aDIS
_a2015
_bO73
100 1 _91925
_aOrtega Mendoza, Pamela
_eautor
245 1 _aAcabados para centro comercial - tienda /
_cPamela Ortega Mendoza
246 _aAplicación de acabados en diseño de espacio comercial - tienda
260 _aLima :
_c2015
300 _a100 p. :
_bil. col. ;
_c20 x 28 cm.
500 _aTexto en dos volúmenes. El volumen 2 contiene planos (30 x 40 cm.).
502 _aMonografía de Titulación.-- Servicio Nacional de Capacitación para la Industria de la Construcción. Escuela Superior Técnica. Carrera Profesional Técnica en Diseño de Interiores, 2015
505 0 _av. 1: Acabados para centro comercial - tienda -- v. 2: Aplicación de acabados en diseño de espacio comercial - tienda.
650 1 0 _944
_aDiseño de interiores
650 2 0 _9846
_aAcabados
650 2 0 _9880
_aCentros comerciales
650 2 0 _9615
_aPlanos
710 1 _aServicio Nacional de Capacitación para la Industria de la Construcción.
_bEscuela Superior Técnica
_91065
910 _bhfp
_chfp
942 _cMON
_2ddc
999 _c4541
_d4541